BSOP header

Hispanic Christian thought at the dawn of the 21st century : (Record no. 36644)

MARC details
000 -LEADER
fixed length control field 00809cam a22002054a 4500
005 - DATE AND TIME OF LATEST TRANSACTION
control field 20140520110344.0
008 - FIXED-LENGTH DATA ELEMENTS--GENERAL INFORMATION
fixed length control field 050909s2005 tnu b 010 0 eng
020 ## - INTERNATIONAL STANDARD BOOK NUMBER
International Standard Book Number 0687098130
245 00 - TITLE STATEMENT
Title Hispanic Christian thought at the dawn of the 21st century :
Remainder of title apuntes in honor of Justo L. González /
Statement of responsibility, etc edited by Alvin Padilla, Roberto Goizueta, Eldin Villafañe.
260 ## - PUBLICATION, DISTRIBUTION, ETC. (IMPRINT)
Place of publication, distribution, etc Nashville, TN :
Name of publisher, distributor, etc Abingdon Press,
Date of publication, distribution, etc c2005.
300 ## - PHYSICAL DESCRIPTION
Extent xiv, 314 p. ;
Dimensions 23 cm.
504 ## - BIBLIOGRAPHY, ETC. NOTE
Bibliography, etc Includes bibliographical references (p. 276-314).
650 #0 - SUBJECT ADDED ENTRY--TOPICAL TERM
Topical term or geographic name as entry element Hispanic American theology.
700 1# - ADDED ENTRY--PERSONAL NAME
Personal name Gonzalez, Justo L.
700 1# - ADDED ENTRY--PERSONAL NAME
Personal name Padilla, Alvin.
700 1# - ADDED ENTRY--PERSONAL NAME
Personal name Goizueta, Roberto S.
700 1# - ADDED ENTRY--PERSONAL NAME
Personal name Villafane, Eldin,
Dates associated with a name 1940-
856 41 - ELECTRONIC LOCATION AND ACCESS
Materials specified Table of contents
Uniform Resource Identifier http://www.loc.gov/catdir/toc/ecip0519/2005026450.html
942 ## - ADDED ENTRY ELEMENTS (KOHA)
Source of classification or shelving scheme Library of Congress Classification
Item type Books
Holdings
Withdrawn status Lost status Source of classification or shelving scheme Damaged status Not for loan Home library Current library Shelving location Date acquired Source of acquisition Cost, normal purchase price Accession number Total Checkouts Full call number Barcode Date last seen Price effective from Koha item type
    Library of Congress Classification     BSOP Library BSOP Library GC 06/05/2013 Theological Book Network 400.00 35925   BT83.575 H62 2005 00043425 06/05/2013 06/05/2013 Books
BSOP

Biblical Seminary of the Philippines
  All rights Reserved
  © 2024

CONTACT INFORMATION

Biblical Seminary of the Philippines,
  77-B Karuhatan Road, Valenzuela City,
  PHILIPPINES 1441
  Phone: +632 8292-6795 / 8292-6798
  Fax : +632 8292-6675
  Email: library@bsop.edu.ph